| 000 | 01120nam a22002417a 4500 | ||
|---|---|---|---|
| 001 | 3705 | ||
| 003 | FISKH | ||
| 005 | 20240423101049.0 | ||
| 008 | 240423b cb ||||| |||| 00| 0 eng d | ||
| 040 |
_aFISK _beng _cFISK _dFISK |
||
| 050 | _aHV1624.K4 | ||
| 082 | _a362.41092 | ||
| 100 |
_aKeller Helen _d1880-1968 |
||
| 245 | _aThe story of my life / | ||
| 260 |
_aNew York : _bScholastic, _c1967 |
||
| 300 |
_a159 pages : _c18 cm |
||
| 505 | _aZ | ||
| 520 | _aHelen Keller's autobiography, The Story of My Life, tells of her early life and of her experiences with Annie Sullivan, her teacher and companion. It was first published in 1903. Keller was the first deaf-blind person to attain a Bachelor of Arts degree, became well traveled and a prolific author, and was outspoken in her campaigning against war and for many other progressive causes. This story shows how Annie Sullivan helped Keller break through her isolation and absence of language to blossom and learn to live in the world of people. | ||
| 521 | 8 |
_a1090 _bLexile |
|
| 700 | _aHelen Keller | ||
| 942 |
_2lcc _cBK _n0 |
||
| 999 |
_c3705 _d3705 |
||